00816nam a2200205 a 450000100100000000500170001000800410002702000150006804000250008308200150010810000270012324500880015026000420023830000170028050000370029770000370033495201080037195201140047999900170059300004147420201002034925.0131007s1997 sp 000 0 spa d a8477640203 aDO-SdBNPbspacBNPHU axxxxbssss1 aGoxens, Antonio96816110aBiblioteca práctica de contabilidad. /cAntonio Goxens, María Ángeles Goxens. aBarcelona, España :bOceano,c1997. av. ;c26 cm. aLa biblioteca posee el volumen 21 aGoxens, María Ángeles968162 001050718MOaGRbGRcCTd2013-10-07iLF1l0ov. 2p41474-10r2020-06-25w2020-06-25y1ZNo se presta 0010507-18MOaGRbGRcOId2013-10-07iLF1l0oxxxx ssssp41475-10r2020-06-25w2020-06-25y1ZNo se presta c40964d40964